000
00343nam a2200157Ia 4500
005
20250425161023.0
008
250425s9999 xx 000 0 und d
041
_a
spa
082
_a
IBM4381
245
0
_a
EL HOMBRE QUE CALCULABA
250
_a
S.E.
260
_a
S.L.
260
_a
Sin Pais
_b
S.E.
_c
1981
942
_c
01
010
_a
10741
999
_c
200811
_d
200811